banner-ar

ENGLISH -RUSSIAN DICTIONARY / (Record no. 26027)

MARC details
000 -الفاتح
حقل البيانات ثابتة الطول 00580nam a2200205Ia 4500
008 - عناصر البيانات ثابتة الطول - معلومات عامة
حقل البيانات ثابتة الطول 140319s9999 xx 000 0 eng d
040 ## - مصدر الفهرسة
وكالة الفهرسة الأصلية GCL /
وكالة النسخ GCL
082 04 - رقم تصنيف ديوى العشرى
رقم التصنيف REF
رقم المادة 423.91
-- A E
100 1# - المدخل الرئيسى - إسم شخصى
الإسم الشخصى AKHMANOVA,O.S
245 10 - بيان العنوان
العنوان ENGLISH -RUSSIAN DICTIONARY /
بيان المسئوليه,etc AKHMANOVA,O.S
700 1# - المدخل الاضافى - اسم شخصى
الإسم الشخصى WILSON, ELIZABETH .A.M
250 ## - بيان الطبعة
بيان الطبعة 31
260 ## - PUBLICATION, DISTRIBUTION, ETC. (IMPRINT)
تاريخ النشر أو التوزيع 1986
300 ## - الوصف المادى
التعداد 14 CM ؛
أبعاد الوعاء 654 P.
650 04 - المدخل الاضافى بالموضوع-مصطلح موضوعى
مصطلح موضوعي DICTIONARIES
650 04 - المدخل الاضافى بالموضوع-مصطلح موضوعى
مصطلح موضوعي ENGLISH LANGUAGE - DICTIONARIES
650 04 - المدخل الاضافى بالموضوع-مصطلح موضوعى
مصطلح موضوعي RUSSIAN LANGUAGE - DICTIONARY
942 ## - عناصر المدخل الإضافي( كوها)
مصدر التصنيف او مخطط الترفيف Dewey Decimal Classification
Koha [default] item type المراجع
260 ## - PUBLICATION, DISTRIBUTION, ETC. (IMPRINT)
-- روسيا :
-- RUSSKY YAZK PULISHERS ،
Holdings
حالة التراجع حالة الفقد حالة تلف ليس للاعارة المكان المؤقت الموقع الحالى تاريخ الاكتساب اجمالي اﻻعارات رقم الطلب الباركود تاريخ اخر مشاهدة تاريخ تفعيل السعر نوع وعاء كوها
        مكتبة القاهرة الكبرى مكتبة القاهرة الكبرى 03/26/2014   REF\423.91\A E 53177 03/26/2014 03/26/2014 المراجع
        مكتبة القاهرة الكبرى مكتبة القاهرة الكبرى 03/26/2014   REF\423.91\A E 53178 03/26/2014 03/26/2014 المراجع
        مكتبة القاهرة الكبرى مكتبة القاهرة الكبرى 03/26/2014   REF\423.91\A E 53179 03/26/2014 03/26/2014 المراجع
        مكتبة القاهرة الكبرى مكتبة القاهرة الكبرى 03/26/2014   REF\423.91\A E 53180 03/26/2014 03/26/2014 المراجع

Powered By

EGPV